| 000 | 00467cam a2200181ua 4500 | ||
|---|---|---|---|
| 001 | 12264 | ||
| 005 | 20260515114846.0 | ||
| 008 | 200821n ii |||gr||||Z||||||eng | ||
| 040 | _cMAIN | ||
| 082 | _a491.451 | ||
| 100 |
_aRamesh Pathak, _eAuthor. |
||
| 245 |
_aBhasa bijnanar bhumika _cBy Ramesh Pathak |
||
| 250 | _a10th ed. | ||
| 260 |
_aGuwahati: _bAshok book stall, _c2015. |
||
| 300 | _a255p. | ||
| 653 | _aEast Indo-European & Celtic languages | ||
| 942 | _cBK | ||
| 999 |
_c11008 _d11008 |
||